Análisis comparativo internacional de precios de electricidad : (Registro nro. 8014)

Detalles MARC
000 -LEADER
fixed length control field 01263nam a2200253Ia 4500
003 - CONTROL NUMBER IDENTIFIER
control field OSt
005 - DATE AND TIME OF LATEST TRANSACTION
control field 20210608115243.0
008 - FIXED-LENGTH DATA ELEMENTS--GENERAL INFORMATION
fixed length control field 210310s2006 ck adb gr 000 0 spa d
020 ## - INTERNATIONAL STANDARD BOOK NUMBER
International Standard Book Number 958977508X
040 ## - CATALOGING SOURCE
Original cataloging agency CO-JMCR
Transcribing agency CO-JMCR
041 0# - LANGUAGE CODE
Language code of text/sound track or separate title spa
082 04 - DEWEY DECIMAL CLASSIFICATION NUMBER
Classification number 333.793231 /
Item number C718a
Edition number 23
110 1# - MAIN ENTRY--CORPORATE NAME
Corporate name or jurisdiction name as entry element Colombia.
Subordinate unit Ministerio de Minas y Energía
-- Unidad de Planeación Minero Energética
9 (RLIN) 38177
245 10 - TITLE STATEMENT
Title Análisis comparativo internacional de precios de electricidad :
Remainder of title en el sector industrial /
Statement of responsibility, etc. [estudio elaborado por la Unidad de Planeación Minero Energética UPME]
250 ## - EDITION STATEMENT
Edition statement Segunda edición
260 ## - PUBLICATION, DISTRIBUTION, ETC.
Place of publication, distribution, etc. Bogotá :
Name of publisher, distributor, etc. UPME,
Date of publication, distribution, etc. 2006
300 ## - PHYSICAL DESCRIPTION
Extent 184 páginas :
Other physical details ilustraciones, gráficas y mapas a color ;
Dimensions 28 cm.
500 ## - GENERAL NOTE
General note Incluye notas a pie de página.
505 0# - FORMATTED CONTENTS NOTE
Formatted contents note Análisis comparativo de los marcos regulatorios y tarifarios -- Análisis comparativo de precios de electricidad para nivel 4 de tensión (V>60kV) -- Resultados y conclusiones -- Análisis de los países incluidos
650 14 - SUBJECT ADDED ENTRY--TOPICAL TERM
Topical term or geographic name entry element Electricidad en la industria
9 (RLIN) 16088
General subdivision Aspectos económicos
Geographic subdivision América Latina
650 24 - SUBJECT ADDED ENTRY--TOPICAL TERM
Topical term or geographic name entry element Distribución de energía eléctrica
General subdivision Precios
Geographic subdivision América Latina
9 (RLIN) 38178
650 24 - SUBJECT ADDED ENTRY--TOPICAL TERM
Topical term or geographic name entry element Política energética
Geographic subdivision América Latina
9 (RLIN) 38179
942 ## - ADDED ENTRY ELEMENTS (KOHA)
Source of classification or shelving scheme Dewey Decimal Classification
Koha item type Books
Existencias
Withdrawn status Lost status Source of classification or shelving scheme Damaged status Not for loan Collection code Home library Current library Date acquired Source of acquisition Full call number Barcode Date last seen Copy number Koha item type Total Checkouts Price effective from
    Dewey Decimal Classification     Non-fiction Biblioteca Pública José María del Castillo y Rada Biblioteca Pública José María del Castillo y Rada 04/15/2018 Donación 333.793231 / C718a 430003676 05/16/2024 Ej.1 Books    
    Dewey Decimal Classification     Non-fiction Biblioteca Pública José María del Castillo y Rada Biblioteca Pública José María del Castillo y Rada 04/15/2018 Donación 333.793231 / C718a 430003677 05/16/2024 Ej.2 Books   06/08/2021